| 000 | 01537nam2a22002531 4500 | ||
|---|---|---|---|
| 001 | rc\4875722 | ||
| 005 | 20250613024519.0 | ||
| 021 |
_aRU _b[61-18976] |
||
| 035 | _a(NLR Aleph) 008913537 | ||
| 090 |
_a8779154 _c8779154 |
||
| 100 | _a20130426d1961 |||y0rusy50 ca | ||
| 101 | 0 | _arus | |
| 102 | _aRU | ||
| 105 | _aa z ||||| | ||
| 200 | 1 |
_aПолупроводниковые приборы _fМ-во связи СССР. Ленингр. электротехн. ин-т связи им. проф. М.А. Бонч-Бруевича |
|
| 210 |
_d1961 _aБ. м. |
||
| 215 |
_a114 с. _cил. |
||
| 461 | 0 |
_1001rc\4875716 _12001#$aЭлектронные приборы$e(Учеб. пособие)$eВып. 1-$fМ-во связи СССР. Ленингр. электротехн. ин-т связи им. проф. М.А. Бонч-Бруевича. Кафедра теорет. радиотехники$vВып. 6 _1700#1$aХлебников$bН.Н.$gНиколай Николаевич _98779120 _aХлебников, Н.Н. _cЛенинград _d1959 _fМ-во связи СССР. Ленингр. электротехн. ин-т связи им. проф. М.А. Бонч-Бруевича. Кафедра теорет. радиотехники _nБ. и. _o(Учеб. пособие) : Вып. 1- _tЭлектронные приборы _vВып. 6 |
|
| 606 |
_aПолупроводниковые приборы (вып. 6) _2psbo |
||
| 801 | 0 |
_aRU _bNLR _gpsbo |
|
| 801 | 1 |
_aRU _bELAR _2rusmarc |
|
| 852 |
_aNLR _j59-6/9273 |
||
| 942 | _cBOOK | ||
| 980 | _aNB | ||